000 00681cam a22001934a 4500
005 20250605163932.0
008 250528s ||||||||||||||||||||||||d
035 _a14738
020 _a195042050
040 _aGR-AtMCL
_bgre
_dGR-AtMCL
_eAACR2
245 1 _aThe Virtuous Journalist
260 _bOxford University Press,
_c1987
520 _aThe Idea of Ethics in Journalism, Reaching for Truth, Avoiding Bias, Avoiding Harm, Serving the Public, Maintaining Trust, Escaping Manipulation, Inviting Critisism and Being Accountable, Appendix, Index.
700 1 _aBeauchamp Tom L.
_9491
700 1 _aKlaidman Stephen
_9492
942 _cBK
999 _c358
_d358